Teaching social skills to youth : (Record no. 92)

MARC details
000 -LEADER
fixed length control field 00803cam a2200241 a 4500
005 - DATE AND TIME OF LATEST TRANSACTION
control field 20260322212006.0
008 - FIXED-LENGTH DATA ELEMENTS--GENERAL INFORMATION
fixed length control field data
010 ## - LIBRARY OF CONGRESS CONTROL NUMBER
LC control number 2005617266
020 ## - INTERNATIONAL STANDARD BOOK NUMBER
International Standard Book Number 1889322695
020 ## - INTERNATIONAL STANDARD BOOK NUMBER
International Standard Book Number 9781889322698
040 ## - CATALOGING SOURCE
Original cataloging agency DLC
Transcribing agency DLC
Modifying agency DLC
050 00 - LIBRARY OF CONGRESS CALL NUMBER
Classification number HQ783
Item number .D69 2005
082 00 - DEWEY DECIMAL CLASSIFICATION NUMBER
Classification number 302/.14071
Edition information 22
001 - CONTROL NUMBER
control field data
100 1# - MAIN ENTRY--PERSONAL NAME
Personal name Dowd, Tom
Fuller form of name (Tom P.)
245 10 - TITLE STATEMENT
Title Teaching social skills to youth :
Remainder of title a step-by-step guide to 182 basic to complex skills plus helpful teaching techniques /
Statement of responsibility, etc. Tom Dowd & Jeff Tierney.
250 ## - EDITION STATEMENT
Edition statement 2nd ed.
260 ## - PUBLICATION, DISTRIBUTION, ETC.
Place of publication, distribution, etc. Boys Town, Neb. :
Name of publisher, distributor, etc. Boys Town Press,
Date of publication, distribution, etc. c2005.
300 ## - PHYSICAL DESCRIPTION
Extent 314 p. ;
Dimensions 28 cm. +
Accompanying material 1 CD-ROM (4 3/4 in.)
504 ## - BIBLIOGRAPHY, ETC. NOTE
Bibliography, etc. note Includes bibliographical references (p. 301-307) and index.
650 #0 - SUBJECT ADDED ENTRY--TOPICAL TERM
Topical term or geographic name entry element Social skills in children
General subdivision Study and teaching.
700 1# - ADDED ENTRY--PERSONAL NAME
Personal name Tierney, Jeff.
Holdings
Withdrawn status Lost status Damaged status Not for loan Home library Current library Shelving location Date acquired Total checkouts Full call number Barcode Date last seen Price effective from Koha item type
        Centerville Centerville General stacks 22/03/2026   302/.14071 22 BC0010095 22/03/2026 22/03/2026 Books